| 000 | 003630000a22001450004500 | ||
|---|---|---|---|
| 060 | _a100 | ||
| 082 | _a338.109 54 JAI | ||
| 100 | _aJain, S.C. | ||
| 245 | _aChanging Indian agriculture | ||
| 260 | _aBombay, Vora & co publishing pvt limited | ||
| 260 | _c1966 | ||
| 300 | _a214 | ||
| 650 | _aAgricultural productivity - India/ food production | ||
| 942 | _cBK | ||
| 999 |
_c362922 _d362922 |
||